| Tag |
First Indicator |
Second Indicator |
Subfields |
| LEADER |
00000cam a2200000 a 4500 |
| 001 |
in00002003521 |
| 005 |
20151031130623.0 |
| 008 |
970417s1996 azua b 000 0 eng |
| 010 |
|
|
|a 95080958
|
| 020 |
|
|
|a 0941332519 (Best Pub. Co.)
|
| 020 |
|
|
|a 923103250X (UNESCO)
|
| 035 |
|
|
|a (OCoLC)ocm35963203
|
| 040 |
|
|
|a DLC
|c DLC
|d WSM
|d UtOrBLW
|
| 049 |
|
|
|a TXAM
|
| 050 |
0 |
0 |
|a GC65
|b .S324 1996
|
| 082 |
0 |
0 |
|a 627/.72/0245
|2 21
|
| 096 |
|
|
|a QT 260.5 D6 S416 1996
|
| 245 |
0 |
0 |
|a Scientific diving :
|b a general code of practice /
|c edited by N.C. Flemming and M.D. Max ; sponsored by the World Underwater Federation (CMAS) and UNESCO's Intergovernmental Oceanographic Commission (IOC).
|
| 250 |
|
|
|a 2nd ed.
|
| 264 |
|
1 |
|a Flagstaff, Ariz. :
|b Best Pub. Co. ;
|a Paris, France :
|b UNESCO Pub.,
|c 1996.
|
| 300 |
|
|
|a xviii, 278 pages :
|b illustrations ;
|c 28 cm.
|
| 336 |
|
|
|a text
|b txt
|2 rdacontent
|
| 337 |
|
|
|a unmediated
|b n
|2 rdamedia
|
| 338 |
|
|
|a volume
|b nc
|2 rdacarrier
|
| 504 |
|
|
|a Includes bibliographical references (pages 169-186).
|
| 650 |
|
0 |
|a Underwater exploration.
|
| 650 |
|
0 |
|a Deep diving.
|
| 650 |
|
2 |
|a Science.
|
| 650 |
|
2 |
|a Diving.
|
| 700 |
1 |
|
|a Flemming, N. C.
|q (Nicholas Coit)
|
| 700 |
1 |
|
|a Max, M. D.
|
| 710 |
2 |
|
|a World Confederation of Underwater Activities.
|
| 710 |
2 |
|
|a Intergovernmental Oceanographic Commission.
|
| 948 |
|
|
|a cataloged
|b h
|c 2005/5/4
|d c
|e ceaton
|f 2:32:05 pm
|
| 994 |
|
|
|a C0
|b TXA
|
| 999 |
|
|
|a MARS
|
| 999 |
f |
f |
|s a3cd4ef1-42ca-37cf-9977-ae552c13a70d
|i 84901bfe-b115-3a69-8670-968c686ab4be
|t 0
|
| 952 |
f |
f |
|p ric
|a Texas A&M University
|b Rellis Campus
|c Joint Library Facility
|d Remote Storage
|t 0
|e GC65 .S324 1996
|h Library of Congress classification
|i unmediated -- volume
|m A14833772798
|
| 998 |
f |
f |
|a GC65 .S324 1996
|t 0
|l Remote Storage
|